[Event "5th American Continental"]
[Site "Sao Paulo BRA"]
[Date "2009.07.26"]
[Round "3.71"]
[White "Alvarez Ramirez, Miguel Angel"]
[Black "Suasnabar Faustor, Jesus"]
[Result "1-0"]
[WhiteElo "2236"]
[BlackElo "2027"]
[EventDate "2009.07.25"]
[PlyCount "101"]

1.d4 d5 2.c4 e6 3.Nc3 Nf6 4.Nf3 c6 5.Bg5 Be7 6.e3 Nbd7 7.Qc2 O-O 8.Rd1 
dxc4 9.Bxc4 Nd5 10.Bxe7 Qxe7 11.O-O Nxc3 12.Qxc3 b6 13.e4 Bb7 14.Rfe1 Rac8
15.b4 Rfd8 16.Qb3 Qf6 17.a4 Rc7 18.h3 h6 19.Rc1 Rdc8 20.a5 e5 21.Rcd1 g6 
22.dxe5 Nxe5 23.Nxe5 Qxe5 24.Bxf7+ Rxf7 25.Rd7 Qf6 26.Rxb7 Qxf2+ 27.Kh2 
Qf4+ 28.Kh1 Kg7 29.Qc3+ Kh7 30.a6 Rcc7 31.Rb8 Qf6 32.e5 Qe6 33.Rd1 Rcd7 
34.Rxd7 Rxd7 35.Rb7 Re7 36.Qd4 Kg8 37.Qd8+ Kf7 38.Qh8 h5 39.Qh7+ Ke8 40.
Rxe7+ Qxe7 41.Qxg6+ Kd7 42.Qf5+ Kc7 43.Qxh5 Qxb4 44.Qf7+ Kd8 45.Qf6+ Kc7 
46.h4 Qe1+ 47.Kh2 c5 48.h5 c4 49.h6 Qe4 50.Qe7+ Kc8 51.Qb7+ 1-0

[Event "5th American Continental"]
[Site "Sao Paulo BRA"]
[Date "2009.07.26"]
[Round "3.72"]
[White "Tratz, Leonardo Schmaedecke"]
[Black "Assumpcao, Roberto"]
[Result "0-1"]
[WhiteElo "2032"]
[BlackElo "2234"]
[EventDate "2009.07.25"]
[PlyCount "42"]

1.e4 c5 2.Nc3 Nc6 3.g3 g6 4.Bg2 Bg7 5.d3 d6 6.Be3 e5 7.Qd2 Be6 8.Nf3 h6 9.
h4 Qd7 10.O-O-O Nge7 11.Nh2 b5 12.f4 Rb8 13.h5 a5 14.Nf3 Nd4 15.fxe5 dxe5 
16.hxg6 Nxg6 17.Bxh6 Rxh6 18.Rxh6 b4 19.Rxg6 bxc3 20.Rxe6+ Qxe6 21.Qf2 
Bh6+ 0-1

[Event "5th American Continental"]
[Site "Sao Paulo BRA"]
[Date "2009.07.26"]
[Round "3.74"]
[White "Markzon, Gregory"]
[Black "Mandetta, Joao Danilo Grobman"]
[Result "1/2-1/2"]
[WhiteElo "2231"]
[BlackElo "1987"]
[EventDate "2009.07.25"]
[PlyCount "39"]

1.d4 Nf6 2.c4 c5 3.d5 b5 4.cxb5 a6 5.e3 g6 6.Nf3 Bg7 7.Nc3 O-O 8.a4 d6 9.
Ra3 Nbd7 10.Bd2 Ng4 11.Qb3 Rb8 12.h3 Nge5 13.Nxe5 Nxe5 14.f4 Nd7 15.Be2 
Qc7 16.O-O Bb7 17.a5 axb5 18.Nxb5 Qc8 19.Na7 Qc7 20.Nb5 1/2-1/2

[Event "5th American Continental"]
[Site "Sao Paulo BRA"]
[Date "2009.07.26"]
[Round "3.75"]
[White "Ueti, Silvio Shigueo"]
[Black "Ferreira, Euclides Roberto"]
[Result "1/2-1/2"]
[WhiteElo "2228"]
[BlackElo "1960"]
[EventDate "2009.07.25"]
[PlyCount "54"]

1.e4 c5 2.Nf3 d6 3.Bb5+ Bd7 4.Bxd7+ Nxd7 5.c3 Ngf6 6.Qe2 e6 7.O-O Be7 8.d4
cxd4 9.cxd4 d5 10.e5 Ne4 11.Nbd2 Nxd2 12.Nxd2 Rc8 13.Qg4 O-O 14.Nf3 Kh8 
15.Bd2 Qb6 16.Bc3 Qa6 17.a3 Qd3 18.Rfd1 Qg6 19.Qxg6 hxg6 20.Bb4 Bxb4 21.
axb4 a6 22.b5 axb5 23.Ra5 Rc7 24.Rxb5 Ra8 25.Kf1 Kg8 26.Rd3 f6 27.Rdb3 b6 
1/2-1/2

[Event "5th American Continental"]
[Site "Sao Paulo BRA"]
[Date "2009.07.26"]
[Round "3.76"]
[White "Wolff, Carlos Alberto"]
[Black "Name, Gabriel Ricardo Salim"]
[Result "0-1"]
[WhiteElo "2017"]
[BlackElo "2226"]
[EventDate "2009.07.25"]
[PlyCount "46"]

1.e4 e6 2.d4 d5 3.exd5 exd5 4.Bd3 Bd6 5.c3 Ne7 6.Qc2 Bg4 7.f3 Bh5 8.Ne2 
Bg6 9.Bg5 Qd7 10.Bxe7 Qxe7 11.Nd2 Nd7 12.O-O-O O-O-O 13.Rde1 Qf6 14.Bxg6 
hxg6 15.Ng3 Qg5 16.c4 Rxh2 17.Rxh2 Bxg3 18.f4 Qg4 19.Rhh1 Bxe1 20.Rxe1 
Qxg2 21.c5 Qf2 22.Rf1 Qxd4 23.c6 bxc6 0-1

[Event "5th American Continental"]
[Site "Sao Paulo BRA"]
[Date "2009.07.26"]
[Round "3.77"]
[White "Borges, Rodrigo da Silva"]
[Black "Rodrigues, Bruno Morado"]
[Result "1/2-1/2"]
[WhiteElo "2221"]
[BlackElo "1953"]
[EventDate "2009.07.25"]
[PlyCount "37"]

1.e4 c5 2.Nf3 Nc6 3.d4 cxd4 4.Nxd4 Nf6 5.Nc3 e5 6.Ndb5 h6 7.Be3 d6 8.a4 a6
9.Na3 Ng4 10.Nc4 Nxe3 11.Nxe3 Be7 12.Ncd5 O-O 13.Bd3 Be6 14.O-O Bg5 15.c3 
Ne7 16.Qf3 Bxd5 17.Nxd5 Nxd5 18.exd5 g6 19.Qe2 1/2-1/2

[Event "5th American Continental"]
[Site "Sao Paulo BRA"]
[Date "2009.07.26"]
[Round "3.78"]
[White "Casares, Luis Alberto"]
[Black "Barata, Adriano Albiani"]
[Result "0-1"]
[WhiteElo "2007"]
[BlackElo "2220"]
[EventDate "2009.07.25"]
[PlyCount "51"]

1.e4 c5 2.Nf3 a6 3.d4 cxd4 4.Nxd4 Nf6 5.Nc3 e5 6.Nb3 Bb4 7.Bd2 Nc6 8.Bd3 
d5 9.exd5 Nxd5 10.Qf3 Nxc3 11.bxc3 Bd6 12.O-O Be6 13.Be3 Qe7 14.Be4 Rc8 
15.Rad1 O-O 16.Qg3 f5 17.Bg5 Qc7 18.Bd5 Rfe8 19.Qd3 e4 20.Bxe6+ Rxe6 21.
Qd5 Qf7 22.c4 Rg6 23.Nc5 Qxd5 24.Rxd5 Bxc5 25.Rxc5 Rd6 26.Rb1 0-1

[Event "5th American Continental"]
[Site "Sao Paulo BRA"]
[Date "2009.07.26"]
[Round "3.79"]
[White "Terao, Rodrigo Akira"]
[Black "Cardoso Junior, Cicero Assuncao"]
[Result "1-0"]
[WhiteElo "2219"]
[BlackElo "1888"]
[EventDate "2009.07.25"]
[PlyCount "73"]

1.e4 c5 2.c3 e6 3.d4 cxd4 4.cxd4 Bb4+ 5.Nc3 Ne7 6.Nf3 a6 7.Bd3 Ng6 8.h4 
Qc7 9.Bd2 Nf4 10.Bf1 g6 11.Rc1 Nc6 12.g3 Nh5 13.e5 Qa5 14.Bg2 f5 15.a3 
Bxc3 16.Bxc3 Qb5 17.a4 Qb6 18.O-O O-O 19.Nd2 Ng7 20.Nc4 Qd8 21.a5 h5 22.d5
exd5 23.Nb6 Rb8 24.Nxd5 Ne6 25.Qd2 Kg7 26.Rfd1 Rf7 27.Qe3 Nxa5 28.Bxa5 b6 
29.Bd2 f4 30.Nxf4 Nxf4 31.gxf4 Qxh4 32.e6 Rf6 33.Bc3 dxe6 34.Qe5 Bb7 35.
Rd7+ Kh6 36.Qxf6 Qxf6 37.Bxf6 1-0

[Event "5th American Continental"]
[Site "Sao Paulo BRA"]
[Date "2009.07.26"]
[Round "3.80"]
[White "Vivaldo, Leonardo Vicente"]
[Black "Galati, Mario Augusto"]
[Result "0-1"]
[WhiteElo "2006"]
[BlackElo "2206"]
[EventDate "2009.07.25"]
[PlyCount "90"]

1.e4 c5 2.Nf3 Nc6 3.Bb5 g6 4.Bxc6 bxc6 5.O-O Bg7 6.Re1 Nh6 7.c3 O-O 8.d4 
cxd4 9.cxd4 d6 10.h3 f6 11.Nc3 Nf7 12.Qc2 Qa5 13.Be3 Qh5 14.Ne2 Qb5 15.
Rec1 Bd7 16.Nc3 Qa6 17.Nd2 Rab8 18.b3 Rfc8 19.f4 Rb4 20.f5 e5 21.fxe6 Bxe6
22.Nf3 Bd7 23.Qd2 Rb7 24.Bf4 Re8 25.Qf2 g5 26.Bg3 Qb6 27.Kh1 Bc8 28.Qc2 
Qd8 29.Qd3 Rbe7 30.Qc4 Bb7 31.Nd2 Qd7 32.Qa4 g4 33.h4 Bh6 34.Rd1 f5 35.Bf2
fxe4 36.Ndxe4 Qf5 37.Bg3 Rxe4 38.Nxe4 Rxe4 39.Rf1 Qe6 40.Qxa7 Qe7 41.Qb8+ 
Kg7 42.Rf5 Ba6 43.Ra5 Be2 44.Ra7 Qf6 45.Rb1 Bf4 0-1

[Event "5th American Continental"]
[Site "Sao Paulo BRA"]
[Date "2009.07.26"]
[Round "3.81"]
[White "Dias, Anderson Tatsch"]
[Black "Costa, Romualdo Mendonca da"]
[Result "1-0"]
[WhiteElo "2199"]
[BlackElo "1813"]
[EventDate "2009.07.25"]
[PlyCount "61"]

1.d4 d5 2.c4 c6 3.Nf3 Nf6 4.Nc3 dxc4 5.a4 Bf5 6.e3 e6 7.Bxc4 Bb4 8.O-O O-O
9.Qe2 Bg6 10.Ne5 Nbd7 11.Nxg6 hxg6 12.Rd1 Nd5 13.Na2 Be7 14.e4 N5b6 15.Bb3
Nf6 16.Bf4 Rc8 17.Nc3 a5 18.Rac1 Nh7 19.Be3 Bf6 20.Rd3 Re8 21.Rcd1 Nf8 22.
f4 g5 23.e5 Be7 24.fxg5 Bxg5 25.Bxg5 Qxg5 26.Ne4 Qe7 27.Qh5 Ng6 28.Rh3 Qd8
29.Qh7+ Kf8 30.Rf3 Nxe5 31.dxe5 1-0

[Event "5th American Continental"]
[Site "Sao Paulo BRA"]
[Date "2009.07.26"]
[Round "3.83"]
[White "Pontes, Ailton"]
[Black "Paiva, Pedro Henrique de"]
[Result "0-1"]
[WhiteElo "2001"]
[BlackElo "2195"]
[EventDate "2009.07.25"]
[PlyCount "55"]

1.e4 c5 2.Nf3 Nc6 3.d4 cxd4 4.Nxd4 g6 5.Nc3 Bg7 6.Be3 Nf6 7.h4 O-O 8.h5 d5
9.hxg6 hxg6 10.Nxc6 bxc6 11.exd5 Nxd5 12.Nxd5 Qxd5 13.Qxd5 cxd5 14.O-O-O 
Rd8 15.c3 e5 16.Be2 Be6 17.Bg5 Rdc8 18.Kb1 Rab8 19.Ka1 e4 20.Be3 Rxc3 21.
Bxa7 Rb7 22.Bd4 Bxd4 23.Rxd4 Rc2 24.Ba6 Rbxb2 25.a4 Ra2+ 26.Kb1 Rcb2+ 27.
Kc1 Rxf2 28.Kb1 0-1

[Event "5th American Continental"]
[Site "Sao Paulo BRA"]
[Date "2009.07.26"]
[Round "3.85"]
[White "Van Riemsdijk, Marius Rombout"]
[Black "Barrera Meza, Carlos"]
[Result "0-1"]
[WhiteElo "1854"]
[BlackElo "2177"]
[EventDate "2009.07.25"]
[PlyCount "46"]

1.e4 e5 2.Nf3 Nc6 3.Bc4 Nf6 4.Ng5 Bc5 5.d4 Bxd4 6.Bxf7+ Ke7 7.Bb3 Rf8 8.
O-O d6 9.c3 Bc5 10.Bc2 Bg4 11.Qd3 h6 12.Nf3 Qe8 13.b4 Bb6 14.b5 Nd8 15.Ba3
Qh5 16.Nbd2 Bxf3 17.Nxf3 Ne6 18.Bc1 g5 19.Be3 Ng4 20.h3 Nxe3 21.fxe3 Nf4 
22.Qd2 Nxh3+ 23.gxh3 Rxf3 0-1

[Event "5th American Continental"]
[Site "Sao Paulo BRA"]
[Date "2009.07.26"]
[Round "3.93"]
[White "Cornejo, Max"]
[Black "Costa, Joao Carlos da"]
[Result "1-0"]
[WhiteElo "2371"]
[BlackElo "2007"]
[EventDate "2009.07.25"]
[PlyCount "47"]

1.e4 e5 2.Nf3 Nc6 3.Nc3 Nf6 4.a3 d6 5.d4 exd4 6.Nxd4 Be7 7.Be2 O-O 8.O-O 
Re8 9.Re1 h6 10.Bf4 Bf8 11.Nxc6 bxc6 12.Bf3 Bb7 13.Qd2 Rb8 14.Rad1 Ba8 15.
b4 Qc8 16.e5 dxe5 17.Bxe5 Rxe5 18.Rxe5 Bd6 19.Ra5 Qe6 20.Re1 Qd7 21.g3 Rd8
22.Ne4 Nxe4 23.Bxe4 Bb7 24.Bf5 1-0

[Event "5th American Continental"]
[Site "Sao Paulo BRA"]
[Date "2009.07.26"]
[Round "3.94"]
[White "Ferreira, Jose Carlos"]
[Black "Souza, Marcos Valerio"]
[Result "0-1"]
[WhiteElo "2013"]
[BlackElo "2169"]
[EventDate "2009.07.25"]
[PlyCount "52"]

1.e4 e5 2.Nf3 Nc6 3.Nc3 Nf6 4.Bb5 Nd4 5.Bc4 Bc5 6.d3 d6 7.h3 c6 8.a3 b5 9.
Ba2 O-O 10.O-O a5 11.Nxd4 Bxd4 12.Ne2 Bb6 13.Kh1 d5 14.Bg5 dxe4 15.Bxf6 
Qxf6 16.dxe4 Rd8 17.Qe1 Qh6 18.Rd1 Bxh3 19.gxh3 Qxh3+ 20.Kg1 Rxd1 21.Qxd1 
Rd8 22.Qxd8+ Bxd8 23.Rd1 Bb6 24.Rd3 Qg4+ 25.Kf1 h5 26.Ng1 Kf8 0-1

[Event "5th American Continental"]
[Site "Sao Paulo BRA"]
[Date "2009.07.26"]
[Round "3.95"]
[White "Roland, Marcos Maldonado"]
[Black "Veloso, Perseu Felipe Simoes"]
[Result "0-1"]
[WhiteElo "2155"]
[BlackElo "2005"]
[EventDate "2009.07.25"]
[PlyCount "80"]

1.e4 c5 2.Nc3 e6 3.f4 d5 4.Nf3 d4 5.Bb5+ Bd7 6.Bxd7+ Nxd7 7.Ne2 Ne7 8.d3 
Nc6 9.O-O Be7 10.c4 f5 11.Ng3 O-O 12.Qe2 Kh8 13.Bd2 Bh4 14.Be1 Bxg3 15.
Bxg3 h6 16.a3 a5 17.Rae1 Kh7 18.Bh4 Qe8 19.exf5 exf5 20.Be7 Rf7 21.Ng5+ 
hxg5 22.Qh5+ Kg8 23.Bxc5 Re7 24.Qxe8+ Rexe8 25.Bd6 g4 26.b4 Kf7 27.b5 Na7 
28.a4 Rxe1 29.Rxe1 Re8 30.Rxe8 Kxe8 31.Ba3 b6 32.Bb2 Nc8 33.Bxd4 Nc5 34.
Bxg7 Nxd3 35.Be5 Nxe5 36.fxe5 Kf7 37.h4 gxh3 38.gxh3 Ke6 39.Kf2 Kxe5 40.
Kf3 Nd6 0-1

[Event "5th American Continental"]
[Site "Sao Paulo BRA"]
[Date "2009.07.26"]
[Round "3.96"]
[White "Lucena, Lincoln"]
[Black "Chiari, Arthur Gontijo"]
[Result "1-0"]
[WhiteElo "2150"]
[BlackElo "1854"]
[EventDate "2009.07.25"]
[PlyCount "150"]

1.Nf3 Nf6 2.c4 g6 3.Nc3 d5 4.cxd5 Nxd5 5.Nxd5 Qxd5 6.g3 Bg7 7.Bg2 O-O 8.
O-O Qd8 9.d3 c6 10.Rb1 Be6 11.Ng5 Bxa2 12.Ra1 Bd5 13.e4 h6 14.exd5 hxg5 
15.Bxg5 cxd5 16.Qb3 Qd7 17.Qxd5 Qxd5 18.Bxd5 Nc6 19.Rfd1 e6 20.Bg2 Bd4 21.
Rab1 Rac8 22.b4 b5 23.Be3 Bxe3 24.fxe3 Ne5 25.Ra1 Rfd8 26.d4 Ng4 27.Ra3 
Nf6 28.Rda1 Rd7 29.Ra5 Nd5 30.Bxd5 Rxd5 31.Rxa7 Rc4 32.g4 Rxb4 33.Rf1 f5 
34.Rc1 Rc4 35.Rxc4 bxc4 36.gxf5 Rxf5 37.Kg2 Rb5 38.Rc7 Rb3 39.Kf3 c3 40.
Kf4 Kf8 41.Ke5 c2 42.e4 Rh3 43.Rxc2 Re3 44.Kf6 Ke8 45.e5 Kd7 46.Kxg6 Rd3 
47.Rc4 Rd1 48.Kg5 Rf1 49.Kg4 Rf2 50.Kg3 Rf1 51.Kg2 Rf4 52.Ra4 Ke7 53.Kg3 
Rf1 54.Ra7+ Kd8 55.Rh7 Rd1 56.Rh4 Rf1 57.Re4 Ra1 58.Kf3 Ra5 59.Rh4 Rd5 60.
Ke4 Ke7 61.Rh7+ Kd8 62.Ra7 Ke8 63.Kd3 Kd8 64.Kc4 Ke8 65.Rb7 Kd8 66.Rb5 Rd7
67.Rb6 Ke7 68.Rc6 Rd5 69.Rc5 Rd7 70.Kd3 Ke8 71.Ke4 Ke7 72.Rc6 Rd5 73.Rc4 
Rd8 74.Rc7+ Ke8 75.Ra7 Rd5 1-0

[Event "5th American Continental"]
[Site "Sao Paulo BRA"]
[Date "2009.07.26"]
[Round "3.97"]
[White "Rodrigues, Flavio Leite"]
[Black "Schuett, Ricardo de Amorim"]
[Result "0-1"]
[WhiteElo "1884"]
[BlackElo "2123"]
[EventDate "2009.07.25"]
[PlyCount "138"]

1.Nf3 Nf6 2.c4 e6 3.g3 b6 4.Bg2 Bb7 5.O-O c5 6.b3 Be7 7.Bb2 O-O 8.e3 Qc7 
9.Nc3 a6 10.Qc2 d6 11.Rfd1 Nbd7 12.Rac1 Bc6 13.d4 cxd4 14.exd4 Rac8 15.Qe2
Bb7 16.Ne1 Bxg2 17.Nxg2 Rfe8 18.Ne3 Bf8 19.Qf1 Qb8 20.Qh3 b5 21.Ba1 bxc4 
22.bxc4 Rc7 23.g4 Nb6 24.g5 Nfd7 25.Ne4 d5 26.g6 hxg6 27.Ng5 Nf6 28.c5 
Nbd7 29.Bc3 Nh5 30.Ba5 Rc6 31.Rb1 Qf4 32.Qg4 e5 33.Qxd7 Qxg5+ 34.Kh1 Rec8 
35.Rb7 exd4 36.Qxf7+ Kh7 37.Qxd5 Qxd5+ 38.Nxd5 Rxc5 39.Nb6 Re8 40.Bb4 Rb5 
41.Bxf8 Rxf8 42.Nd7 Rxf2 43.Rxb5 axb5 44.Rxd4 Rxa2 45.Rb4 Nf6 46.Ne5 Rd2 
47.Rxb5 Rd5 48.Rxd5 Nxd5 49.Nf7 Kg8 50.Ng5 Kf8 51.Kg2 Ke7 52.Kf3 Kf6 53.h4
Kf5 54.Ne4 Nf6 55.Ng5 Nd7 56.Nh7 Ne5+ 57.Kg3 Nf7 58.Kf3 g5 59.h5 g4+ 60.
Kg3 Ng5 61.Nf8 Ne4+ 62.Kh4 Nf6 63.Ng6 g3 64.Kh3 Nxh5 65.Nh4+ Kf4 66.Ng6+ 
Kf3 67.Ne5+ Kf2 68.Nd3+ Kf1 69.Ne5 g2 0-1

[Event "5th American Continental"]
[Site "Sao Paulo BRA"]
[Date "2009.07.26"]
[Round "3.98"]
[White "Bibiloni, Jorge Jaime"]
[Black "Salama, Andre Sasson"]
[Result "1/2-1/2"]
[WhiteElo "2109"]
[BlackElo "1983"]
[EventDate "2009.07.25"]
[PlyCount "113"]

1.e4 c5 2.d3 Nc6 3.g3 g6 4.Bg2 Bg7 5.f4 d6 6.Nf3 e5 7.O-O Nge7 8.Nh4 O-O 
9.f5 f6 10.g4 g5 11.Nf3 Qb6 12.Kh1 Bd7 13.c3 Kf7 14.Qe2 Rh8 15.Nxg5+ fxg5 
16.f6 h6 17.fxe7+ Kxe7 18.Be3 Raf8 19.Na3 Qd8 20.Nc2 Rxf1+ 21.Rxf1 Rf8 22.
Rd1 Qe8 23.Bg1 Qf7 24.a3 Qb3 25.Ne3 Kd8 26.Nf5 Bxf5 27.exf5 Kc7 28.Bf3 h5 
29.Be3 hxg4 30.Bxg4 Ne7 31.Rf1 Bf6 32.Qd2 Rg8 33.Bd1 Qf7 34.b4 b6 35.bxc5 
dxc5 36.Qf2 Qd5+ 37.Bf3 Qd7 38.Be4 Qd6 39.Qa2 Rd8 40.Qc4 Nd5 41.Qa6 Rd7 
42.Qxa7+ Kd8 43.Qa8+ Ke7 44.Bd2 Nf4 45.Qg8 Rd8 46.Qh7+ Kf8 47.h4 Qe7 48.
Qh6+ Qg7 49.hxg5 Bxg5 50.Qxg7+ Kxg7 51.Bxf4 Bxf4 52.Rg1+ Kf7 53.Rg6 Rh8+ 
54.Kg2 Rh6 55.Bd5+ Kf8 56.Rg8+ Ke7 57.Rb8 1/2-1/2

[Event "5th American Continental"]
[Site "Sao Paulo BRA"]
[Date "2009.07.26"]
[Round "3.99"]
[White "Britez, Jorge Antonio Gonzales"]
[Black "Ferreira, Kleber Victor"]
[Result "0-1"]
[WhiteElo "1877"]
[BlackElo "2094"]
[EventDate "2009.07.25"]
[PlyCount "41"]

1.e4 e5 2.Nf3 Nc6 3.Bb5 f5 4.d3 fxe4 5.dxe4 Nf6 6.Nc3 Bc5 7.O-O O-O 8.Bg5 
d6 9.Nd5 Kh8 10.Qd3 Ne7 11.Nxe7 Qxe7 12.Kh1 Rf7 13.Be3 Bb6 14.a4 Ng4 15.
Bxb6 axb6 16.h3 h5 17.Kg1 Nh6 18.Nh2 Be6 19.Qg3 Rf4 20.f3 Nf7 21.Ng4 0-1

[Event "5th American Continental"]
[Site "Sao Paulo BRA"]
[Date "2009.07.27"]
[Round "3.100"]
[White "Branchini, Fernando Luis Sakamot"]
[Black "Abdalla, Luiz Guilherme Aurelli"]
[Result "0-1"]
[WhiteElo "1838"]
[BlackElo "2089"]
[EventDate "2009.07.25"]
[PlyCount "56"]

1.e4 e6 2.d4 d5 3.Nc3 Nf6 4.Bg5 Bb4 5.e5 h6 6.exf6 hxg5 7.fxg7 Rg8 8.a3 
Bxc3+ 9.bxc3 Qf6 10.Bd3 Qxg7 11.Nf3 Nc6 12.Bb5 Bd7 13.Bxc6 Bxc6 14.Rb1 b6 
15.Ne5 Bb7 16.Qe2 O-O-O 17.Qb5 Rd6 18.O-O Rh8 19.Qd3 f6 20.Ng4 Kb8 21.Rfe1
Bc8 22.f3 Re8 23.a4 e5 24.Nf2 Bb7 25.Qb5 e4 26.fxe4 dxe4 27.d5 Bxd5 28.
Nxe4 Rde6 0-1

[Event "5th American Continental"]
[Site "Sao Paulo BRA"]
[Date "2009.07.27"]
[Round "4.16"]
[White "Santos, Marcus Vinicius Moreira"]
[Black "Lafuente, Pablo"]
[Result "0-1"]
[WhiteElo "2390"]
[BlackElo "2562"]
[EventDate "2009.07.25"]
[PlyCount "126"]

1.d4 Nf6 2.c4 e6 3.Nf3 b6 4.a3 Bb7 5.Nc3 d5 6.cxd5 exd5 7.Bf4 Be7 8.e3 O-O
9.Be2 Nbd7 10.h3 c6 11.O-O Re8 12.Qc2 Nf8 13.Bd3 Ng6 14.Bg5 Nh5 15.Bxe7 
Qxe7 16.b4 Nf6 17.Bxg6 hxg6 18.Ne5 Red8 19.Rfd1 Rac8 20.Qb3 Rc7 21.a4 Ne8 
22.a5 b5 23.e4 Nf6 24.exd5 Nxd5 25.Nxd5 Rxd5 26.Rac1 Qd6 27.Qc3 Bc8 28.Rd2
Bf5 29.g4 Be6 30.Re1 g5 31.Re3 f6 32.Nf3 Bf7 33.Rde2 Rd7 34.Kg2 Rc7 35.Re1
Rd7 36.R1e2 Rc7 37.Qe1 Rd7 38.Re7 a6 39.Rxd7 Qxd7 40.Re7 Qc8 41.Qe4 Rd6 
42.Ra7 Qd8 43.Rxa6 Bd5 44.Qf5 Re6 45.Ra7 Qb8 46.Rd7 Qe8 47.Rxd5 cxd5 48.
Qxd5 Qc6 49.Qf5 Rd6 50.Kg1 Rd8 51.Qd3 Qd5 52.Qe3 Kf7 53.Qc3 Qc4 54.Qd2 Rd6
55.h4 gxh4 56.Qf4 Qxb4 57.a6 Rxa6 58.Ng5+ Kg8 59.Nf3 Ra1+ 60.Kg2 Qb1 61.
Nh2 Qh1+ 62.Kh3 Ra3+ 63.f3 Ra2 0-1

[Event "5th American Continental"]
[Site "Sao Paulo BRA"]
[Date "2009.07.27"]
[Round "4.17"]
[White "Bachmann Schiavo, Axel"]
[Black "Tsuboi, Edson"]
[Result "1/2-1/2"]
[WhiteElo "2559"]
[BlackElo "2399"]
[EventDate "2009.07.25"]
[PlyCount "115"]

1.e4 c5 2.Nf3 Nc6 3.Bb5 g6 4.O-O Bg7 5.c3 Nf6 6.Re1 O-O 7.h3 Qc7 8.d4 cxd4
9.cxd4 d5 10.e5 Ne4 11.Be3 Be6 12.Nbd2 Qb6 13.Qa4 Nxd2 14.Bxd2 Rfc8 15.
Rac1 Bd7 16.Bg5 Bf8 17.Bxc6 Rxc6 18.Rxc6 Qxc6 19.Qa3 f6 20.Bd2 Qa4 21.Qxa4
Bxa4 22.Rc1 Bc6 23.g4 Rc8 24.Bb4 Bd7 25.Rxc8 Bxc8 26.exf6 exf6 27.Bxf8 
Kxf8 28.Kg2 g5 29.Kg3 Kf7 30.Ne1 b6 31.f4 h6 32.h4 Ba6 33.Nf3 Be2 34.Ne1 
Kg6 35.Nc2 Bd3 36.Nb4 Be4 37.Na6 gxh4+ 38.Kxh4 f5 39.Nb4 fxg4 40.Kxg4 h5+ 
41.Kg3 Kf5 42.Nc6 a6 43.Ne7+ Ke6 44.Nc6 Bg6 45.Ne5 Be4 46.b4 Kf5 47.Nd7 
h4+ 48.Kxh4 Kxf4 49.Nxb6 Ke3 50.a4 Kxd4 51.b5 a5 52.Kg3 Kc5 53.Nd7+ Kd6 
54.Nf6 Bc2 55.Nxd5 Kxd5 56.b6 Kc6 57.Kf4 Kxb6 58.Ke3 1/2-1/2

[Event "5th American Continental"]
[Site "Sao Paulo BRA"]
[Date "2009.07.27"]
[Round "4.18"]
[White "Friedel, Joshua"]
[Black "Garcia, Gildardo"]
[Result "1-0"]
[WhiteElo "2547"]
[BlackElo "2390"]
[EventDate "2009.07.25"]
[PlyCount "49"]

1.d4 Nf6 2.c4 e6 3.Nf3 b6 4.g3 Ba6 5.Qc2 Bb4+ 6.Bd2 Be7 7.Bg2 d5 8.cxd5 
Nxd5 9.Nc3 O-O 10.O-O Nd7 11.Rfd1 Nb4 12.Qa4 Bb7 13.Bf4 Qc8 14.Rac1 a5 15.
Nb5 Bc6 16.Rxc6 Nxc6 17.Nxc7 b5 18.Qxb5 Na7 19.Qxa5 Bd8 20.Rc1 Bxc7 21.
Rxc7 Qd8 22.Nd2 Nc6 23.Qc3 Nxd4 24.Qxd4 e5 25.Qxd7 1-0

[Event "5th American Continental"]
[Site "Sao Paulo BRA"]
[Date "2009.07.27"]
[Round "4.20"]
[White "Perez Rodriguez, Luis Manuel"]
[Black "Disconzi da Silva, Rodrigo"]
[Result "1-0"]
[WhiteElo "2512"]
[BlackElo "2366"]
[EventDate "2009.07.25"]
[PlyCount "101"]

1.e4 c5 2.Nf3 d6 3.d4 cxd4 4.Nxd4 Nf6 5.Nc3 Nc6 6.Bg5 g6 7.Bb5 Bd7 8.Bxf6 
exf6 9.O-O Bg7 10.Nde2 Be6 11.Nf4 O-O 12.Qd2 f5 13.Bxc6 bxc6 14.Rad1 Bc4 
15.Rfe1 fxe4 16.b3 Ba6 17.Nxe4 d5 18.Nc5 Bc8 19.c4 Bg4 20.f3 Bf5 21.cxd5 
cxd5 22.Nxd5 Kh8 23.b4 Qh4 24.g4 Be6 25.Qf2 Qxf2+ 26.Kxf2 Bxd5 27.Rxd5 Bc3
28.Re4 Rad8 29.Rxd8 Rxd8 30.Ke3 Rd5 31.Nd3 a5 32.a3 axb4 33.axb4 Rb5 34.
Rc4 Bf6 35.f4 g5 36.fxg5 Bxg5+ 37.Ke4 Be7 38.Rc7 Bxb4 39.Rxf7 h5 40.Rf5 
Rxf5 41.gxf5 Bd6 42.h3 Kg7 43.Kd5 Kf6 44.Kxd6 Kxf5 45.Kd5 Kg5 46.Ke4 Kh4 
47.Nf4 Kg3 48.Kf5 Kh4 49.Kg6 Kg3 50.Kg5 h4 51.Kf5 1-0

[Event "5th American Continental"]
[Site "Sao Paulo BRA"]
[Date "2009.07.27"]
[Round "4.22"]
[White "Van Riemsdijk, Herman Claudius"]
[Black "Bittencourt, Jorge"]
[Result "1/2-1/2"]
[WhiteElo "2380"]
[BlackElo "2471"]
[EventDate "2009.07.25"]
[PlyCount "136"]

1.e4 c5 2.Nf3 d6 3.d4 cxd4 4.Nxd4 Nf6 5.Nc3 a6 6.h3 e6 7.g4 d5 8.exd5 Nxd5
9.Bd2 Bb4 10.Nxd5 Bxd2+ 11.Qxd2 Qxd5 12.Rg1 e5 13.Nb3 Qxd2+ 14.Nxd2 Nc6 
15.Bg2 Nd4 16.Be4 O-O 17.c3 Ne6 18.Nc4 Nc5 19.Bc2 Be6 20.Nxe5 Rfe8 21.
O-O-O Bxa2 22.Nf3 Nb3+ 23.Bxb3 Bxb3 24.Rde1 Kf8 25.Nd4 Ba4 26.Rxe8+ Rxe8 
27.Kd2 Bd7 28.Ra1 Re5 29.Ra3 h5 30.f3 Ke7 31.Rb3 Bc8 32.Rb4 Ra5 33.Rc4 Kd8
34.Nb3 Rd5+ 35.Nd4 Ra5 36.Nb3 Rb5 37.Kc2 Be6 38.Rd4+ Ke7 39.Nd2 Re5 40.f4 
Re3 41.f5 Bc8 42.Nc4 Rxh3 43.Nb6 Bxf5+ 44.gxf5 Rf3 45.Nd5+ Kf8 46.Rc4 Ke8 
47.f6 g5 48.Rd4 Kf8 49.Nf4 Kg8 50.Nxh5 Kh7 51.Rd3 Rf2+ 52.Rd2 Rf3 53.Rh2 
Kg6 54.Kd2 g4 55.Ke2 Kg5 56.Ng7 Rxf6 57.Rf2 Rxf2+ 58.Kxf2 Kf4 59.Nh5+ Ke4 
60.Ke2 f5 61.Ng3+ Ke5 62.Kd3 f4 63.Ne4 b6 64.c4 a5 65.c5 bxc5 66.Nxc5 g3 
67.Ke2 Kd5 68.Nd3 Ke4 1/2-1/2

[Event "5th American Continental"]
[Site "Sao Paulo BRA"]
[Date "2009.07.27"]
[Round "4.23"]
[White "Duarte, Leonardo"]
[Black "El Debs, Felipe De Cresce"]
[Result "1/2-1/2"]
[WhiteElo "2373"]
[BlackElo "2467"]
[EventDate "2009.07.25"]
[PlyCount "49"]

1.e4 c5 2.Nf3 e6 3.d4 cxd4 4.Nxd4 Nc6 5.Nc3 Qc7 6.Be2 a6 7.O-O Nf6 8.Kh1 
Nxd4 9.Qxd4 Bc5 10.Qd3 b5 11.Bg5 Bb7 12.f4 Bb4 13.Bf3 Rc8 14.e5 Bxc3 15.
Bxf6 gxf6 16.Bxb7 Qxb7 17.bxc3 Rg8 18.Rf3 f5 19.Rg3 Rg6 20.Rxg6 hxg6 21.
Qh3 Rc4 22.Qh8+ Ke7 23.Qf6+ Ke8 24.Qh8+ Ke7 25.Qf6+ 1/2-1/2

[Event "5th American Continental"]
[Site "Sao Paulo BRA"]
[Date "2009.07.27"]
[Round "4.24"]
[White "Ehlvest, Jaan"]
[Black "Estrada Nieto, Julian"]
[Result "1-0"]
[WhiteElo "2614"]
[BlackElo "2332"]
[EventDate "2009.07.25"]
[PlyCount "61"]

1.c4 e5 2.Nc3 Bb4 3.Nd5 a5 4.a3 Bc5 5.Nf3 d6 6.d4 exd4 7.Nxd4 c6 8.Nc3 Nf6
9.Bg5 h6 10.Bh4 O-O 11.e3 Re8 12.Be2 g5 13.Bg3 d5 14.cxd5 cxd5 15.Ndb5 Na6
16.O-O Be6 17.Rc1 Rc8 18.Nd4 Bxd4 19.Qxd4 Nc5 20.Qd1 d4 21.Qxd4 Qxd4 22.
exd4 Nb3 23.Rcd1 Red8 24.Bf3 Nd5 25.Rfe1 Nxc3 26.bxc3 Rxc3 27.d5 Bf5 28.
Be5 Rcc8 29.Bf6 Bc2 30.h4 Bxd1 31.Rxd1 1-0

[Event "5th American Continental"]
[Site "Sao Paulo BRA"]
[Date "2009.07.27"]
[Round "4.25"]
[White "Borda, Alan"]
[Black "Bhat, Vinay"]
[Result "0-1"]
[WhiteElo "2255"]
[BlackElo "2473"]
[EventDate "2009.07.25"]
[PlyCount "80"]

1.e4 e5 2.Nf3 Nc6 3.Bc4 Bc5 4.c3 Nf6 5.d4 exd4 6.cxd4 Bb4+ 7.Nc3 Nxe4 8.
O-O Bxc3 9.d5 Bf6 10.Re1 Ne7 11.Rxe4 d6 12.Bg5 Bxg5 13.Nxg5 h6 14.Qe2 hxg5
15.Re1 Be6 16.dxe6 f6 17.Re3 c6 18.Rh3 Rxh3 19.gxh3 g6 20.Qd2 Kf8 21.h4 
gxh4 22.Qh6+ Kg8 23.Re3 Qa5 24.Qxh4 Kg7 25.Rb3 b6 26.Rh3 Qg5+ 27.Qxg5 fxg5
28.Be2 Nd5 29.Ra3 Nf4 30.Bf3 d5 31.Bg4 Kf6 32.Rg3 Re8 33.Rc3 c5 34.a4 Rxe6
35.Kf1 Re4 36.b3 d4 37.Rc4 Nd3 38.Be2 Ne5 39.Rc1 d3 40.Bd1 d2 0-1

[Event "5th American Continental"]
[Site "Sao Paulo BRA"]
[Date "2009.07.27"]
[Round "4.27"]
[White "Perez Garcia, Rodney Oscar"]
[Black "Andrade, Roberto Luiz Costa"]
[Result "1-0"]
[WhiteElo "2446"]
[BlackElo "2251"]
[EventDate "2009.07.25"]
[PlyCount "67"]

1.e4 c5 2.Nf3 Nc6 3.Bb5 d6 4.Bxc6+ bxc6 5.O-O g6 6.e5 Bg7 7.Re1 d5 8.h3 
Nh6 9.d3 Nf5 10.b3 Nd4 11.Bb2 Qb6 12.Nc3 Ne6 13.Na4 Qb4 14.c4 Ba6 15.Qc1 
Rc8 16.Bc3 Qb7 17.Qa3 O-O 18.Nxc5 Nxc5 19.Qxc5 e6 20.Bd2 h6 21.Be3 Rc7 22.
Qa3 Rd8 23.Bc5 Rcd7 24.Nh2 Kh7 25.Ng4 dxc4 26.dxc4 Rd3 27.Rac1 R3d7 28.Rc3
h5 29.Nf6+ Bxf6 30.exf6 Rd1 31.Re3 R8d2 32.Qa5 Qb8 33.Qxa6 Qf4 34.Re2 1-0